000 00642nam a22001575i 4500
001 171581
003 ES-MaACL
005 20230906214652.0
008 090521s1891 xxk |||| | eng d
245 0 0 _aHealth
_b: the voyage to south Africa and sojourn there.
260 _aLondon :
_b[s.n.],
_c1891.
300 _a78 p., [1] h. de map. pleg. :
_bil. ;
_c21 cm.
500 _aCollected and republished ... on the occasion of the assembling in London of the International Congress of Hygiene and Demography of 1891."
711 2 _aInternational Congress of Hygiene and Demography (
_d1891.
_cLondon)
_9140263
852 _aES-MaACL
_jT-847-F-6
999 _c171581
_d171581